[Event "POL-chT Ekstraliga 2018"]
[Site "Gorzow"]
[Date "2018.06.10"]
[Round "3"]
[White "Olszewski, Michal"]
[Black "Bobras, Piotr"]
[Result "*"]
[WhiteElo "2529"]
[BlackElo "2499"]
[Annotator "TA"]
[PlyCount "50"]
[EventDate "2018.06.08"]
[EventType "team-tourn"]
[EventCountry "POL"]
[SourceTitle "playchess.com"]
[Source "ChessBase"]
[SourceQuality "1"]

{[%evp 7,7,39]} 1. Nf3 Nf6 2. c4 g6 3. Nc3 Bg7 4. e4 {Vorgänger:} d6 $146 5. d4 O-O 6. Be2 e5 7. O-O Nc6 8. d5 Ne7 9. Ne1 Nd7 10. Be3 f5 11. f3 f4 12. Bf2 g5 13. Nd3 Nf6 14. c5 Ng6 15. Rc1 Rf7 16. Kh1 Bf8 17. Rg1 Rg7 18. b4 h5 19. Qd2 g4 20. g3 fxg3 21. Rxg3 a5 22. a3 axb4 23. axb4 c6 24. dxc6 bxc6 25. cxd6 Qxd6 {½-½ (41) Lenderman,A (2599)-Nakamura,H (2787) Saint Louis 2018} *

[Event "POL-chT Ekstraliga 2018"]
[Site "Gorzow"]
[Date "2018.06.10"]
[Round "3"]
[White "Olszewski, Michal"]
[Black "Bobras, Piotr"]
[Result "1/2-1/2"]
[WhiteElo "2529"]
[BlackElo "2499"]
[Annotator "TA"]
[PlyCount "60"]
[EventDate "2018.06.08"]
[EventType "team-tourn"]
[EventCountry "POL"]
[SourceTitle "playchess.com"]
[Source "ChessBase"]
[SourceQuality "1"]

{[%evp 14,60,47,19,78,43,55,56,62,55,50,68,62,60,70,69,47,57,61,8,17,20,18,11,52,42,56,56,75,54,55,29,64,46,114,0,0,0,0,0,0,0,31,26,36,26,38,2,25]} 1. Nf3 Nf6 2. c4 g6 3. Nc3 Bg7 4. e4 d6 5. d4 O-O 6. h3 Na6 7. Bg5 Qe8 8. g4 c5 {E90: King's Indian: Classical: Early deviations and 6 h3} (8... b6 $11) 9. Bg2 (9. Qd2 b6 10. Rd1 cxd4 11. Nxd4 Bb7 12. f3 Nc5 13. Bh6 a6 14. Be2 Rd8 15. h4 e5 16. Nf5 Bxh6 17. Qxh6 Ne6 18. Nd5 Nxd5 19. cxd5 gxf5 20. gxf5 Kh8 21. Qf6+ Ng7 22. Rg1 Rg8 23. h5 {1-0 (23) Nepomniachtchi,I (2717)-Ponomariov,R (2756) Riga 2013}) 9... cxd4 10. Nxd4 Bd7 {White is slightly better.} 11. Be3 Rc8 12. Qe2 $146 ({Predecessor:} 12. b3 Nc5 13. Rc1 a6 14. O-O b5 15. b4 Ne6 16. c5 dxc5 17. bxc5 Nxd4 18. Bxd4 {1-0 (60) Siedentopf,D (2261)-Koepke,C (2351) Augsburg 2010}) 12... Nc5 13. O-O h5 {[%cal Rh5g4]} 14. g5 Nh7 15. Rad1 a6 16. Nb3 (16. Qd2 $14) 16... Na4 $11 17. Nxa4 Bxa4 18. Rc1 e5 19. Qd2 Bxb3 20. axb3 Qe7 21. Rfd1 Rc6 22. h4 Rfc8 23. Bh3 R8c7 ({Black should play} 23... Rd8 $1 $14) 24. Qb4 ({White should try} 24. c5 $16 dxc5 25. Bd7) 24... Nf8 25. f3 {next Bb6 is good for White.} Ne6 26. Bxe6 Qxe6 27. Kg2 Bf8 28. Qa5 Be7 29. Rc3 Kg7 30. Rcd3 Rc8 {Precision: White = 63%, Black = 32%.} 1/2-1/2

[Event "POL-chT Ekstraliga 2018"]
[Site "Gorzow"]
[Date "2018.06.10"]
[Round "3"]
[White "Antoniewski, Rafal"]
[Black "Bartel, Mateusz"]
[Result "1/2-1/2"]
[WhiteElo "2521"]
[BlackElo "2602"]
[Annotator "TA"]
[PlyCount "116"]
[EventDate "2018.06.08"]
[EventType "team-tourn"]
[EventCountry "POL"]
[SourceTitle "playchess.com"]
[Source "ChessBase"]
[SourceQuality "1"]

{[%evp 17,116,31,26,31,66,28,44,20,16,21,18,0,0,0,0,0,0,-27,0,-11,0,0,0,-24,-22,-11,-15,-24,0,-24,-24,-59,-39,-49,0,0,0,-21,0,-89,-86,-81,-73,-100,-89,-89,-82,-111,-120,-98,-110,-102,-93,-195,-65,-65,-65,-65,-62,-62,-34,-23,-23,-22,-30,-22,0,0,0,-47,-47,-82,-40,-40,0,0,0,0,0,0,0,0,0,0,0,0,0,0,0,-24,0,0,0,0,0,0,0,0,0,0,0]} 1. Nf3 d5 2. e3 Nf6 3. b3 g6 4. Bb2 Bg7 5. c4 c6 6. Be2 O-O 7. O-O Nbd7 8. Qc2 b6 {A12: English Opening: 1...c6 with b3 by White} (8... e6 9. Rc1 Re8 10. d4 b6 11. b4 Bb7 12. c5 Ne4 13. Nbd2 Nxd2 14. Qxd2 a5 15. b5 Rc8 16. bxc6 Bxc6 {0-1 (47) Rocha,S (2370)-Dvirnyy,D (2532) Katowice 2017}) 9. d4 Bb7 {LiveBook: 4 Games} 10. Nbd2 Rc8 {White is slightly better.} 11. Rac1 e6 12. Rfd1 Qe7 13. h3 $146 ({Predecessor:} 13. Qb1) 13... Rfd8 14. Qb1 Ne8 {[%cal Bf6e8,Be8c7,Bc7a6,Ba6b4,Bb4d5][%mdl 32]} 15. Ne5 Nxe5 16. dxe5 c5 17. Nf3 Nc7 18. Bc3 Na6 19. Nh2 h5 20. Qb2 Nb4 21. f4 dxc4 22. Bxc4 Nd5 23. Bd2 Bc6 24. Nf1 Qb7 25. Be1 Ne7 26. Rxd8+ Rxd8 27. Bh4 b5 28. Bxe7 (28. Be2 $11) 28... Qxe7 $17 29. Be2 Qb7 30. Bd1 Bf8 31. Qf2 Qa6 32. Bf3 Bxf3 33. gxf3 c4 34. bxc4 bxc4 35. Ng3 {[#]} (35. Qc2 $17) 35... Qa3 ({Better is} 35... Bc5 $1 $19 {Strongly threatening ...Qa3.} 36. Ne4 Qb6 37. Nxc5 Qxc5) 36. Rxc4 $15 Bc5 37. Nf1 Rd1 {[%mdl 1024] Black has compensation.} 38. Kg2 Kh7 39. Qe2 Ra1 40. Rc2 Bb6 41. Qf2 a5 42. Qe2 a4 43. Rb2 Re1 44. Qf2 Bxe3 (44... Ba5 {feels hotter.} 45. Rb8 Ra1 46. Rb2 Rc1 47. Rc2 Be1) 45. Nxe3 Qxe3 (45... Rxe3 {keeps more tension.} 46. Rb7 Kg7 47. h4 Qd3 48. Rd7 Qxd7 49. Qxe3 Qd5) 46. Qxe3 Rxe3 $17 {[%mdl 4096] Endgame KR-KR} 47. h4 Ra3 48. Kg3 Kg7 49. Rc2 Kf8 50. Rb2 Ke7 51. Rd2 Ke8 52. Kf2 Rc3 53. Ke2 a3 54. Kf2 {The position is equal.} Ke7 55. Kg3 f6 56. Re2 Ke8 57. Rd2 Ke7 58. Re2 Ke8 {Precision: White = 56%, Black = 52%.} 1/2-1/2

[Event "POL-chT Ekstraliga 2018"]
[Site "Gorzow"]
[Date "2018.06.10"]
[Round "3"]
[White "Antoniewski, Rafal"]
[Black "Bartel, Mateusz"]
[Result "*"]
[WhiteElo "2521"]
[BlackElo "2602"]
[Annotator "TA"]
[PlyCount "33"]
[EventDate "2018.06.08"]
[EventType "team-tourn"]
[EventCountry "POL"]
[SourceTitle "playchess.com"]
[Source "ChessBase"]
[SourceQuality "1"]

{[%evp 9,9,26]} 1. Nf3 d5 2. e3 Nf6 3. b3 g6 4. Bb2 Bg7 5. c4 {Vorgänger:} O-O $146 6. Be2 c5 7. O-O dxc4 8. bxc4 Nc6 9. d3 b6 10. Nc3 Bb7 11. Rb1 e6 12. Qc2 Qe7 13. Nd2 Rfd8 14. a3 Ne8 15. f4 Nd6 16. Nce4 Nxe4 17. Nxe4 {0-1 (35) Kryvoruchko,Y (2710)-Anand,V (2803) Berlin 2015} *

[Event "POL-chT Ekstraliga 2018"]
[Site "Gorzow"]
[Date "2018.06.10"]
[Round "3"]
[White "Klekowski, Maciej"]
[Black "Piorun, Kacper"]
[Result "*"]
[WhiteElo "2509"]
[BlackElo "2631"]
[Annotator "TA"]
[PlyCount "35"]
[EventDate "2018.06.08"]
[EventType "team-tourn"]
[EventCountry "POL"]
[SourceTitle "playchess.com"]
[Source "ChessBase"]
[SourceQuality "1"]

{[%evp 6,6,30]} 1. c4 e5 2. g3 d6 3. Nc3 g6 {Predecessor:} 4. d4 $146 Nd7 5. Nf3 Bg7 6. Bg2 Ngf6 7. O-O O-O 8. e4 a6 9. Qc2 exd4 10. Nxd4 Re8 11. Re1 Ne5 12. b3 c5 13. Nf3 Nfg4 14. Nxe5 Nxe5 15. Bb2 Nc6 16. Qd2 Qa5 17. Rad1 Bg4 18. f3 {½-½ (49) Giri,A (2772)-Ivanchuk,V (2728) Tbilisi 2017} *

[Event "POL-chT Ekstraliga 2018"]
[Site "Gorzow"]
[Date "2018.06.10"]
[Round "3"]
[White "Klekowski, Maciej"]
[Black "Piorun, Kacper"]
[Result "1/2-1/2"]
[WhiteElo "2509"]
[BlackElo "2631"]
[Annotator "TA"]
[PlyCount "36"]
[EventDate "2018.06.08"]
[EventType "team-tourn"]
[EventCountry "POL"]
[SourceTitle "playchess.com"]
[Source "ChessBase"]
[SourceQuality "1"]

{[%evp 15,36,28,34,0,21,0,0,0,0,0,17,22,19,23,29,0,0,0,32,0,0,0,25]} 1. c4 e5 2. g3 d6 3. Nc3 g6 4. d4 Bg7 5. Nf3 exd4 6. Nxd4 Ne7 7. Bg2 Nbc6 8. Nxc6 {A21: English Opening: 1...e5 2 Nc3} Nxc6 {LiveBook: 12 Games} 9. Qd2 (9. Bf4 Be6 10. Rc1 Bxc4 11. Qa4 Be6 12. Bxc6+ bxc6 13. Qxc6+ Bd7 14. Qe4+ Kf8 15. O-O h6 {1-0 (40) Navara,D (2737)-Piorun,K (2665) Germany 2016}) 9... a5 $146 ({Predecessor:} 9... O-O 10. O-O Be6 11. b3 Qd7 12. Bb2 Rae8 13. Rad1 Bh3 14. c5 Bxg2 15. Kxg2 Nd4 16. e3 Qc6+ 17. f3 Nf5 18. e4 {1-0 (45) Zaitsev,A (2315)-Novikov,M (2434) Tula 2002}) 10. b3 {[#]} a4 $1 {[%mdl 512] ...Qf6 is the strong threat.} 11. Rb1 (11. bxa4 Bf5) 11... axb3 12. axb3 Bf5 13. e4 Be6 14. Bb2 O-O 15. Ne2 Ra2 16. Nc3 Ra8 17. Ne2 Ra2 18. Nc3 Ra8 1/2-1/2

[Event "POL-chT Ekstraliga 2018"]
[Site "Gorzow"]
[Date "2018.06.10"]
[Round "3"]
[White "Nasuta, Grzegorz"]
[Black "Wojtaszek, Radoslaw"]
[Result "*"]
[WhiteElo "2490"]
[BlackElo "2730"]
[Annotator "TA"]
[PlyCount "27"]
[EventDate "2018.06.08"]
[EventType "team-tourn"]
[EventCountry "POL"]
[SourceTitle "playchess.com"]
[Source "ChessBase"]
[SourceQuality "1"]

{[%evp 9,10,27,34]} 1. e4 e5 2. Nf3 Nc6 3. Bc4 Nf6 4. d3 h6 5. O-O d6 {Predecessor:} 6. Re1 $146 g6 7. d4 Bg4 8. Bb5 Nd7 9. Bxc6 bxc6 10. Nbd2 Bg7 11. h3 Be6 12. Nf1 exd4 13. Nxd4 c5 14. Nf5 {1-0 (42) Karjakin,S (2760)-Short,N (2678) Riadh 2017} *

[Event "POL-chT Ekstraliga 2018"]
[Site "Gorzow"]
[Date "2018.06.10"]
[Round "3"]
[White "Nasuta, Grzegorz"]
[Black "Wojtaszek, Radoslaw"]
[Result "0-1"]
[WhiteElo "2490"]
[BlackElo "2730"]
[Annotator "TA"]
[PlyCount "68"]
[EventDate "2018.06.08"]
[EventType "team-tourn"]
[EventCountry "POL"]
[SourceTitle "playchess.com"]
[Source "ChessBase"]
[SourceQuality "1"]

{[%evp 13,68,17,49,8,29,12,26,11,10,-3,22,12,17,7,40,27,57,11,10,14,40,47,32,41,43,42,44,11,10,16,10,-12,-31,-22,-23,-71,-63,-254,-235,-245,-236,-224,-222,-311,-319,-305,-308,-292,-277,-277,-277,-295,-295,-516,-519,-512,-506]} 1. e4 e5 2. Nf3 Nc6 3. Bc4 Nf6 4. d3 h6 5. O-O d6 6. c3 g5 {C55: Two Knights: 4 d3, 4 d4 exd4 5 e5 and Max Lange Attack} 7. Re1 (7. d4 g4 8. Nfd2 Bg7 9. f4 exd4 10. cxd4 Nxe4 11. Nxe4 d5 12. f5 dxe4 13. d5 Ne5 14. Nc3 {1-0 (34) Bologan,V (2610)-Sutovsky,E (2647) Poikovsky 2018}) 7... Bg7 {LiveBook: 10 Games} 8. a4 O-O {The position is equal.} (8... g4 $5 {[%cal Rg4f3]}) 9. Na3 {[%cal Bb1a3,Ba3c2,Bc2e3,Be3f5][%mdl 32]} Ne7 {[%cal Bc6e7,Be7g6,Bg6f4][%mdl 32]} 10. Nc2 c6 $146 ({Predecessor:} 10... Ng6 11. Ne3 Ng4 12. Nxg4 Bxg4 13. h3 Bd7 14. Nh2 {0-1 (59) Cabrera Ladron de Guevara,M (1950)-Perez Rodriguez,J (2191) Santiago de Cuba 2009}) 11. d4 Qc7 (11... Nxe4 $5 12. Rxe4 d5 $14) 12. Bd3 Ng6 13. Ne3 Re8 14. dxe5 dxe5 15. Nd2 {[%cal Bf3d2,Bd2f1,Bf1g3][%mdl 32]} Nf4 16. Bc4 h5 17. Qc2 g4 18. Nf5 Nh7 19. Nf1 Be6 20. Be2 Bxf5 21. exf5 e4 {[%cal Be5e4,Be4e3][%mdl 32]} 22. Ng3 Nf6 23. Bf1 {[%cal Rg3e4] [#]} Nd3 $1 $36 {[%mdl 2560] Black has some pressure.} 24. Re2 (24. Bxd3 exd3) 24... Nxc1 25. Rxc1 $2 {[#]} (25. Qxc1 $15 h4 26. Nh1) 25... Bh6 $1 $19 26. Rce1 {[%cal Rg3e4] [#]} e3 $1 {[%cal Re3f2][%mdl 512]} 27. Nh1 (27. fxe3 h4) 27... h4 {[%cal Bh5h4,Bh4g3][%mdl 32]} 28. Rxe3 (28. g3 $142) 28... Bxe3 29. fxe3 g3 30. hxg3 hxg3 31. Qe2 Re4 32. Qf3 Rg4 ({Much less strong is} 32... Rxa4 33. Nxg3 Re8 34. Be2 $19) 33. e4 $2 (33. Rd1) 33... Qb6+ 34. Qe3 Rxe4 {Precision: White = 37%, Black = 66%.} 0-1

[Event "POL-chT Ekstraliga 2018"]
[Site "Gorzow"]
[Date "2018.06.10"]
[Round "3"]
[White "Kriebel, Tadeas"]
[Black "Warakomski, Tomasz"]
[Result "1/2-1/2"]
[WhiteElo "2487"]
[BlackElo "2505"]
[Annotator "TA"]
[PlyCount "127"]
[EventDate "2018.06.08"]
[EventType "team-tourn"]
[EventCountry "POL"]
[SourceTitle "playchess.com"]
[Source "ChessBase"]
[SourceQuality "1"]

{[%evp 32,127,23,24,27,25,25,23,29,0,30,-8,0,-97,-68,-84,-38,-29,0,-29,-5,-7,20,-17,-11,-11,-12,-37,-36,-41,-43,-33,162,163,171,153,211,204,199,188,186,106,109,104,104,106,95,102,116,129,141,114,120,120,104,96,137,101,116,0,0,0,0,0,54,54,59,62,100,93,91,0,0,0,0,0,0,0,0,0,0,-489,-489,-489,0,0,0,-440,-433,-482,-481,-468,-461,-455,-447,-439,-117,-111]} 1. e4 e5 2. Nf3 Nc6 3. Bb5 a6 4. Ba4 Nf6 5. O-O Be7 6. Re1 b5 7. Bb3 d6 8. c3 O-O 9. h3 Nb8 10. d4 Nbd7 11. Nbd2 Bb7 12. Bc2 Re8 13. Nf1 Bf8 14. Ng3 g6 15. a4 c5 16. d5 c4 17. Bg5 Nc5 {C95: Closed Ruy Lopez: Breyer Variation with 10 d4} 18. Qd2 Be7 19. Bh6 Nfd7 {White has an edge.} 20. a5 Bc8 {[#]} 21. h4 $146 ({Predecessor:} 21. Ra3 Nb7 22. Rea1 Ndc5 23. Nh2 Bd7 24. Be3 Bh4 25. Nf3 {0-1 (38) Mista,A (2616)-Giri,A (2776) Doha 2014}) 21... Nb7 (21... Bxh4 $2 22. Nxh4 Qxh4 23. Bg5 $18) 22. Ng5 (22. Ra3 $11 {keeps the balance.}) 22... Ndc5 23. f4 f6 24. Ne6 Nxe6 25. dxe6 Bxe6 26. f5 $36 {[%mdl 2048] White has the initiative.} Bf7 27. fxg6 hxg6 {[#]} 28. h5 $1 {[%mdl 512]} g5 $1 (28... gxh5 29. Nf5) 29. Nf5 Be6 30. Rf1 Kh7 31. Qf2 $1 (31. Ng7 $2 Qd7 $19) 31... Rg8 $2 (31... Bf8 $15 {keeps the upper hand.} 32. Bxf8 Rxf8) 32. Nxe7 $18 Qxe7 33. Qxf6 Rae8 (33... Qxf6 $16 {keeps fighting.} 34. Rxf6 Nc5) 34. Qxe7+ $1 Rxe7 35. Rf6 Bf7 36. Bd1 (36. Raf1 $18 Bxh5 37. Bf8 Rxf8 38. Rxf8) 36... Nc5 37. Bg4 {And now Bf5+ would win.} ({Wrong is} 37. Rxd6 $2 Re6 $19) 37... Be6 38. Bf5+ $1 Bxf5 39. exf5 {Threatens to win with Bf8.} Ne4 40. Bf8 {[%csl Gf8][%cal Rf6h6]} Nxf6 41. Bxe7 Nxh5 $16 {[%mdl 4096] Endgame KRB-KRN} 42. Rd1 ({Much worse is} 42. Bxd6 $6 Ng3 $11) 42... Ng3 43. f6 Kg6 {Black wants to play ...Ne4.} 44. Rxd6 Ra8 45. Bd8 (45. Rb6 $16) 45... Ra7 $11 46. Re6 Rd7 {Hoping for ...Kf5.} 47. Be7 Ne2+ (47... Rd2 $1 $11) 48. Kh2 $14 Nf4 49. Rxe5 Rd5 50. Rxd5 Nxd5 $16 {KB-KN} 51. Kg3 (51. f7 $1 $16 {[%cal Rf7f8]} Kxf7 52. Bxg5) 51... Nxf6 $11 52. Kf3 g4+ 53. Kg3 Nd5 54. Bf8 Kf5 55. Bd6 Nf6 {White must now prevent ...Ne4+.} 56. Be7 $2 {[%mdl 8192]} (56. Kh4 $11 {and White is okay.}) 56... Ne4+ $19 57. Kh4 {[#]} Nf2 $2 ({Better is} 57... Kf4 $1 $19 58. Ba3 Nf2 59. Bd6+ Ke4) 58. Kg3 $11 Ne4+ $2 {[%mdl 8192]} (58... Nd3 $11 59. Ba3 Ne1) 59. Kh4 $19 {[#]} Kf4 $1 60. Bd8 Nf2 61. Bg5+ Kf5 62. Be7 Nd3 63. Ba3 Kf4 64. Bd6+ {Precision: White = 51%, Black = 68%.} 1/2-1/2

[Event "POL-chT Ekstraliga 2018"]
[Site "Gorzow"]
[Date "2018.06.10"]
[Round "3"]
[White "Kriebel, Tadeas"]
[Black "Warakomski, Tomasz"]
[Result "*"]
[WhiteElo "2487"]
[BlackElo "2505"]
[Annotator "TA"]
[PlyCount "49"]
[EventDate "2018.06.08"]
[EventType "team-tourn"]
[EventCountry "POL"]
[SourceTitle "playchess.com"]
[Source "ChessBase"]
[SourceQuality "1"]

{[%evp 32,33,27,20]} 1. e4 e5 2. Nf3 Nc6 3. Bb5 a6 4. Ba4 Nf6 5. O-O Be7 6. Re1 b5 7. Bb3 d6 8. c3 O-O 9. h3 Nb8 10. d4 Nbd7 11. Nbd2 Bb7 12. Bc2 Re8 13. Nf1 Bf8 14. Ng3 g6 15. a4 c5 16. d5 c4 17. Bg5 {[#]} {Predecessor:} Nc5 $146 18. Qd2 Be7 19. Ra3 Nfd7 20. Rea1 Bxg5 21. Nxg5 Nxa4 22. Bxa4 bxa4 23. f4 exf4 24. Qxf4 Qf6 25. Qh4 {1-0 (57) Robson,R (2649)-Dragun,K (2597) New York 2018} *

[Event "POL-chT Ekstraliga 2018"]
[Site "Gorzow"]
[Date "2018.06.10"]
[Round "3"]
[White "Wieczorek, Oskar"]
[Black "Bartel, Michal"]
[Result "1/2-1/2"]
[WhiteElo "2469"]
[BlackElo "2360"]
[Annotator "TA"]
[PlyCount "69"]
[EventDate "2018.06.08"]
[EventType "team-tourn"]
[EventCountry "POL"]
[SourceTitle "playchess.com"]
[Source "ChessBase"]
[SourceQuality "1"]

{[%evp 15,69,39,42,29,31,22,33,16,22,0,34,34,37,33,34,29,28,10,5,0,0,0,15,8,10,0,36,31,60,0,66,52,95,112,84,11,57,72,70,32,65,0,145,146,118,143,160,152,211,23,23,22,24,33,29,0]} 1. c4 e5 2. g3 c6 3. Nf3 e4 4. Nd4 d5 5. cxd5 Qxd5 6. Nc2 {A20: Englische Eröffnung} Bc5 7. Bg2 Qe5 8. Nc3 Nf6 {LiveBook: 3 Partien} 9. b4 Bb6 $146 ({Vorgänger:} 9... Bd6 10. Bb2 Qe7 11. O-O Bf5 12. d3 exd3 13. exd3 {1-0 (45) Adams,M (2709)-Christiansen,J (2492) Caleta 2018}) 10. Bb2 {Und weiter mit Sxe4 wäre nett.} O-O 11. Ne3 (11. Na4 {with more complications.} Qd6 12. O-O Nbd7 13. Nxb6 axb6 14. a3) 11... Qe7 12. Qc2 {[%cal Rc3e4]} Bxe3 13. fxe3 Bf5 14. O-O Bg6 $1 15. b5 Re8 16. a4 a6 17. Rab1 axb5 18. axb5 Nbd7 19. bxc6 bxc6 20. Na4 Ne5 21. Bh3 Nfg4 22. Nc5 (22. Qc5 $14) 22... h5 (22... Qg5 $11) 23. Bd4 $14 Rab8 24. Rxb8 ({Viel schlechter ist} 24. Nxe4 $6 Rxb1 25. Rxb1 (25. Qxb1 Nd7 $11) 25... c5 $11) 24... Rxb8 25. Qc3 (25. Rf4 $16) 25... f6 26. Bg2 $36 {[%mdl 2048] Schwarz muss aufpassen.} Nf7 27. Qc2 {[%cal Rg2e4]} Re8 28. Rb1 ({Besser ist} 28. Qb3 $14) 28... Qd6 (28... h4 $11) 29. Nxe4 $16 Qe6 {[%cal Rg6e4]} 30. d3 Bxe4 31. Bxe4 Ng5 {[#]} (31... f5 $16) 32. Qxc6 $2 ({Nicht} 32. Bxc6 Nxe3 33. Bxe3 Qxe3+ 34. Kf1 Re5 $14) ({Weiss kommt nicht vorbei an} 32. Bg6 $1 $18) 32... Nxe4 $11 33. Qxe6+ Rxe6 34. dxe4 Rxe4 35. h3 {Precision: Weiß = 27%, Schwarz = 41%.} 1/2-1/2

[Event "POL-chT Ekstraliga 2018"]
[Site "Gorzow"]
[Date "2018.06.10"]
[Round "3"]
[White "Wieczorek, Oskar"]
[Black "Bartel, Michal"]
[Result "*"]
[WhiteElo "2469"]
[BlackElo "2360"]
[Annotator "TA"]
[PlyCount "25"]
[EventDate "2018.06.08"]
[EventType "team-tourn"]
[EventCountry "POL"]
[SourceTitle "playchess.com"]
[Source "ChessBase"]
[SourceQuality "1"]

{[%evp 9,11,16,8,4]} 1. c4 e5 2. g3 c6 3. Nf3 e4 4. Nd4 d5 5. cxd5 Qxd5 {LiveBook: 62 Partien} 6. Nc2 {A20: Englische Eröffnung} {Vorgänger:} Nf6 $146 7. Nc3 Qh5 8. Ne3 Bc5 9. Qc2 Qe5 10. Bg2 Bxe3 11. fxe3 Bf5 12. b4 O-O 13. Bb2 {1-0 (41) Aronian,L (2801)-Papaioannou,I (2652) Heraklio 2017} *

[Event "POL-chT Ekstraliga 2018"]
[Site "Gorzow"]
[Date "2018.06.10"]
[Round "3"]
[White "Kuzmicz, Krystian"]
[Black "Moranda, Wojciech"]
[Result "*"]
[WhiteElo "2460"]
[BlackElo "2601"]
[Annotator "TA"]
[PlyCount "23"]
[EventDate "2018.06.08"]
[EventType "team-tourn"]
[EventCountry "POL"]
[SourceTitle "playchess.com"]
[Source "ChessBase"]
[SourceQuality "1"]

{[%evp 7,7,-41]} 1. b3 Nf6 2. Bb2 g6 3. Bxf6 exf6 4. d4 {Predecessor:} d5 $146 5. e3 Be6 6. Ne2 c5 7. g3 Nc6 8. Bg2 Qd7 9. O-O Rd8 10. Nbc3 cxd4 11. Nxd4 Be7 12. Nce2 {½-½ (42) Stojanovic,M (2582)-Gallagher,J (2497) Ascona 2007} *

[Event "POL-chT Ekstraliga 2018"]
[Site "Gorzow"]
[Date "2018.06.10"]
[Round "3"]
[White "Kuzmicz, Krystian"]
[Black "Moranda, Wojciech"]
[Result "1/2-1/2"]
[WhiteElo "2460"]
[BlackElo "2601"]
[Annotator "TA"]
[PlyCount "84"]
[EventDate "2018.06.08"]
[EventType "team-tourn"]
[EventCountry "POL"]
[SourceTitle "playchess.com"]
[Source "ChessBase"]
[SourceQuality "1"]

{[%evp 9,84,-18,-20,-33,-23,-34,-32,-42,-42,-74,-28,-66,-65,-77,-18,-26,-31,-72,-71,-71,-26,-74,-71,-72,-65,-65,-65,-81,-72,-81,-81,-81,-81,-81,-81,-86,-72,-73,-72,-81,-81,-81,-73,-81,-81,-81,-81,-86,-86,-86,-86,-88,-88,-88,-88,-88,-88,-88,-88,-115,-115,-115,-115,-115,-115,-115,-115,-115,-115,-115,-105,-141,-141,-156,-141,-158,-147]} 1. b3 Nf6 2. Bb2 g6 3. Bxf6 exf6 4. d4 d5 5. e3 c6 (5... f5 6. g3 Bd6 7. Bg2 c6 8. Ne2 O-O 9. O-O Nd7 10. c4 dxc4 11. bxc4 Nf6 {½-½ (59) McShane,L (2640)-Tregubov,P (2575) Riadh 2017}) 6. g3 {A01: Nimzowitsch-Larsen Opening} h5 $146 ({Predecessor:} 6... a5 7. a4 f5 8. Bg2 Nd7 9. Ne2 Nf6 10. O-O Bg7 11. c4 Be6 {0-1 (45) Rzayev,A (2082)-Rasulov,V (2508) Ankara 2017}) 7. h4 Bg4 8. Qd2 {Black is slightly better.} a5 {[%cal Ba7a5,Ba5a4][%mdl 32]} 9. Bg2 Nd7 10. Ne2 a4 11. b4 Bxe2 ({Black should play} 11... Nb6 $17 {With the idea ...Nc4.} 12. a3 Bh6) 12. Kxe2 $11 b5 13. c3 f5 14. Qc2 Bh6 15. Nd2 O-O 16. Rae1 Nf6 17. Kd1 Re8 18. Re2 Ra7 19. Rhe1 Rae7 20. Bf3 Re6 21. a3 R8e7 22. Nf1 Ne8 23. Nd2 Nd6 24. Bg2 Qe8 25. Bf3 Qb8 26. Bg2 Ne8 27. Nf1 Nf6 28. Bf3 Re8 29. Qd3 Bf8 30. Qc2 Bd6 31. Qd3 Kg7 32. Qc2 Bc7 33. Kc1 Ne4 34. Bxe4 fxe4 ({But not} 34... dxe4 35. Kb2 $15) 35. Nd2 Rf6 {[%cal Be6f6,Bf6f5,Bf5h5][%mdl 32]} 36. Rh1 Qc8 37. Qd1 Qg4 38. Rh2 Rf5 39. Re1 Re6 40. Qxg4 hxg4 {Black is clearly better.} 41. Rg1 Rh5 42. Rhg2 Rh8 {Precision: White = 52%, Black = 53%.} 1/2-1/2

[Event "POL-chT Ekstraliga 2018"]
[Site "Gorzow"]
[Date "2018.06.10"]
[Round "3"]
[White "Socko, Monika"]
[Black "Lach, Aleksandra"]
[Result "1-0"]
[WhiteElo "2458"]
[BlackElo "2209"]
[Annotator "TA"]
[PlyCount "103"]
[EventDate "2018.06.08"]
[EventType "team-tourn"]
[EventCountry "POL"]
[SourceTitle "playchess.com"]
[Source "ChessBase"]
[SourceQuality "1"]

{[%evp 12,103,14,6,28,28,53,45,45,31,52,25,85,81,73,53,106,64,102,82,116,124,130,126,174,159,247,259,262,241,270,251,254,259,264,241,241,241,275,291,322,321,416,435,410,411,531,524,529,519,522,510,536,508,576,564,763,758,673,653,917,912,731,899,786,778,784,773,1183,1053,885,877,713,628,749,755,917,912,911,896,1065,1183,1046,1140,1152,1147,1106,1024,29982,29983,29982,29979,6083,5410]} 1. d4 g6 2. e4 Bg7 3. c4 e6 4. Nc3 Ne7 5. Nf3 d5 6. cxd5 {A40: Unusual replies to 1 d4} (6. e5 Nbc6 7. Be2 h6 8. O-O O-O 9. Re1 b6 10. cxd5 Nxd5 11. Nxd5 Qxd5 12. Bd3 {1-0 (60) Onischuk,A (2681)-Ipatov,A (2665) Saint Louis 2018}) 6... exd5 7. e5 {LiveBook: 6 Games} h6 $146 ({Predecessor:} 7... f6 8. exf6 Bxf6 9. h3 O-O 10. g4 b6 11. Be3 Bg7 12. Be2 {½-½ (25) Petrov,N (2573)-Repka,C (2513) Lisbon 2018}) 8. Be2 {White has an edge.} Be6 9. O-O O-O 10. b4 a6 11. a4 b6 (11... Nd7 $11) 12. Ba3 $36 {[%mdl 2048] White is really pushing.} Re8 13. Qc2 Nf5 ({Black should play} 13... c6 $14) 14. Rfd1 Bf8 15. Qb2 Ra7 16. b5 Bxa3 17. Rxa3 a5 18. Bd3 Nh4 (18... Ng7 $16 19. Qc1 Kh7) 19. Nxh4 $18 Qxh4 {[#]} 20. Ne2 $1 Nd7 21. Rc3 Nf8 22. Rdc1 Rc8 23. g3 Qe7 24. Qc2 Kg7 25. f4 Qd7 26. Rf1 Bh3 27. Rf2 Bf5 28. Rc6 Bxd3 29. Qxd3 Qf5 30. Qxf5 gxf5 {[#]} 31. g4 $1 {[%mdl 512]} fxg4 32. f5 Nd7 33. Rg2 Nb8 34. Rxg4+ Kh7 35. Rf6 c6 36. Rh4 Rg8+ 37. Kf2 cxb5 38. Rfxh6+ Kg7 39. Rxb6 Na6 40. Rg4+ Kf8 41. Rxg8+ Kxg8 42. Rxb5 {[%mdl 4096] Endgame KRN-KRN} Nb4 43. Nf4 Kg7 44. h4 Kh6 45. Kf3 Nc2 46. Rxd5 Rb7 47. Rd6+ Kh7 48. e6 {[%cal Be5e6,Be6e7][%mdl 32]} Rb3+ 49. Kf2 {Threatening mate with e7.} Ne3 50. e7 Ng4+ 51. Kg2 Ne3+ 52. Kg1 {Precision: White = 85%, Black = 24%.} 1-0